[Event "Midland Ch Forrest Cup"]
[Site "Derby"]
[Date "1992.03.21"]
[Round "2"]
[White "Rogerson, Alan M"]
[Black "Raynes, Paul C"]
[Result "0-1"]
[WhiteElo "1880"]
[BlackElo "2120"]
[PlyCount "74"]
[EventDate "1992.03.20"]
[EventType "swiss"]
[EventRounds "6"]
[EventCountry "ENG"]
[SourceTitle "BritBase"]
[Source "John Saunders"]
[SourceDate "2022.11.28"]
[SourceVersion "1"]
[SourceVersionDate "2022.08.23"]
[SourceQuality "1"]

1. e4 c5 2. c3 Nf6 3. e5 Nd5 4. d4 cxd4 5. Qxd4 e6 6. Nf3 Nc6 7. Qe4 f5 8. exf6
Nxf6 9. Qh4 e5 10. Nbd2 d5 11. Bb5 Bd6 12. Nb3 O-O 13. Be3 Ne7 14. Qa4 a6 15.
Be2 Bd7 16. Qa5 Bc7 17. Qa3 b6 18. Nbd2 Qe8 19. Bg5 h6 20. Bxf6 Rxf6 21. c4 e4
22. Nd4 Bd6 23. Qc3 Rc8 24. b4 Be5 25. Qb2 Nc6 26. N2b3 Nxb4 27. Rc1 Bf4 28.
Rc3 Nd3+ 29. Bxd3 exd3+ 30. Kd1 dxc4 31. Nd2 b5 32. Re1 Qh5+ 33. N2f3 Bg4 34.
a4 Qc5 35. axb5 Qxd4 36. h3 Bxf3+ 37. gxf3 Be5 0-1

[Event "Midland Ch Forrest Cup"]
[Site "Derby"]
[Date "1992.03.21"]
[Round "2"]
[White "Stimpson, Paul"]
[Black "McSheehy, Nigel AP"]
[Result "1-0"]
[WhiteElo "1824"]
[BlackElo "2000"]
[PlyCount "119"]
[EventDate "1992.03.20"]
[EventType "swiss"]
[EventRounds "6"]
[EventCountry "ENG"]
[SourceTitle "BritBase"]
[Source "John Saunders"]
[SourceDate "2022.11.28"]
[SourceVersion "1"]
[SourceVersionDate "2022.08.23"]
[SourceQuality "1"]

1. e4 c5 2. Nf3 Nc6 3. d4 cxd4 4. Nxd4 e5 5. Nb5 a6 6. Nd6+ Bxd6 7. Qxd6 Qf6 8.
Qa3 Nge7 9. Be3 Rb8 10. Nd2 b5 11. Rd1 Qg6 12. Bc5 b4 13. Qd3 d5 14. exd5 Bf5
15. Qxa6 Nd4 16. Bxd4 Qxa6 17. Bxa6 exd4 18. Nc4 O-O 19. Rxd4 Bxc2 20. O-O Ra8
21. Bb7 Ra7 22. Rc1 Ba4 23. d6 Rxb7 24. dxe7 Rxe7 25. Ne3 Rb8 26. Nd5 Reb7 27.
Nxb4 Bb5 28. Rcd1 g6 29. Rd8+ Kg7 30. Rxb8 Rxb8 31. h3 Bc4 32. a3 Kf6 33. Kh2
Rb5 34. Rd4 Bb3 35. Rd3 Be6 36. g3 h5 37. Kg2 Kf5 38. Kf3 g5 39. g4+ hxg4+ 40.
hxg4+ Kf6 41. Rd4 Ke5 42. Ke3 Kf6 43. f3 Bb3 44. Kd2 Ke5 45. Nc6+ Ke6 46. Rd3
Rc5 47. Nd4+ Ke5 48. Nxb3 Rb5 49. Kc3 Rb8 50. Nd2 f5 51. Nc4+ Kf4 52. gxf5 Kxf5
53. b4 g4 54. fxg4+ Kxg4 55. a4 Rh8 56. b5 Rh1 57. Kb4 Kf4 58. b6 Ke4 59. Rd2
Rb1+ 60. Ka5 1-0

[Event "Midland Ch Forrest Cup"]
[Site "Derby"]
[Date "1992.03.21"]
[Round "2"]
[White "Vere, Joe W"]
[Black "Cammack, George E"]
[Result "1-0"]
[WhiteElo "2016"]
[BlackElo "1392"]
[PlyCount "93"]
[EventDate "1992.03.20"]
[EventType "swiss"]
[EventRounds "6"]
[EventCountry "ENG"]
[SourceTitle "BritBase"]
[Source "John Saunders"]
[SourceDate "2022.11.28"]
[SourceVersion "1"]
[SourceVersionDate "2022.08.23"]
[SourceQuality "1"]

1. d4 d5 2. e3 c6 3. Bd3 e6 4. Nd2 Nf6 5. f4 Bd6 6. Ngf3 O-O 7. c3 Nbd7 8. O-O
Ng4 9. Qe2 Re8 10. Ne5 Bxe5 11. fxe5 f5 12. h3 Nh6 13. c4 Nf8 14. b3 g6 15. Bb2
Re7 16. Rac1 Bd7 17. a4 Rg7 18. Ba3 Nf7 19. Rf2 h5 20. cxd5 exd5 21. Rcf1 Be6
22. b4 Qd7 23. b5 Rc8 24. bxc6 bxc6 25. Nb3 Nh6 26. Nc5 Qe7 27. Rb1 Qe8 28. Ba6
Rb8 29. Rxb8 Qxb8 30. Qb2 Qe8 31. Nb7 g5 32. Nd6 Qg6 33. Qb8 g4 34. h4 g3 35.
Rf4 Ng4 36. Nxf5 Bxf5 37. Qxf8+ Kh7 38. Qxf5 Qxf5 39. Rxf5 Kh6 40. Bf8 Nxe3 41.
Bxg7+ Kxg7 42. Rg5+ Kh6 43. Rxg3 Nf5 44. e6 Nd6 45. e7 Kh7 46. Bd3+ Kh8 47. Bg6
1-0

[Event "Midland Ch Forrest Cup"]
[Site "Derby"]
[Date "1992.03.21"]
[Round "3"]
[White "Burke, Steven J"]
[Black "Cooper, David M"]
[Result "1/2-1/2"]
[WhiteElo "1960"]
[BlackElo "1936"]
[PlyCount "53"]
[EventDate "1992.03.20"]
[EventType "swiss"]
[EventRounds "6"]
[EventCountry "ENG"]
[SourceTitle "BritBase"]
[Source "John Saunders"]
[SourceDate "2022.11.28"]
[SourceVersion "1"]
[SourceVersionDate "2022.08.23"]
[SourceQuality "1"]

1. e4 e6 2. d4 d5 3. Nc3 Nf6 4. e5 Nfd7 5. f4 c5 6. Nf3 Nc6 7. Be3 cxd4 8. Nxd4
Bc5 9. Na4 Qa5+ 10. c3 Nxd4 11. Bxd4 Bxd4 12. Qxd4 O-O 13. Bd3 Qc7 14. O-O b6
15. b4 Bb7 16. Rf3 Bc6 17. Rh3 f5 18. Nb2 b5 19. Rc1 Qb6 20. Rf3 Rfc8 21. Rf2
Qxd4 22. cxd4 Nb6 23. Rc5 Nc4 24. a4 a6 25. a5 Kf7 26. Nd1 Ra7 27. h3 1/2-1/2

[Event "Midland Ch Forrest Cup"]
[Site "Derby"]
[Date "1992.03.21"]
[Round "3"]
[White "Cammack, George E"]
[Black "Mercs, Peter J"]
[Result "0-1"]
[WhiteElo "1392"]
[BlackElo "1960"]
[PlyCount "68"]
[EventDate "1992.03.20"]
[EventType "swiss"]
[EventRounds "6"]
[EventCountry "ENG"]
[SourceTitle "BritBase"]
[Source "John Saunders"]
[SourceDate "2022.11.28"]
[SourceVersion "1"]
[SourceVersionDate "2022.08.23"]
[SourceQuality "1"]

1. d4 Nf6 2. e3 e6 3. Bd3 d5 4. Nd2 c5 5. c3 Nc6 6. f4 Be7 7. Ngf3 Bd7 8. O-O
cxd4 9. exd4 Qb6 10. Ne5 Rc8 11. g4 h6 12. Ndf3 Na5 13. Nxd7 Nxd7 14. Qe2 Nc4
15. Ne5 Ndxe5 16. fxe5 O-O 17. b3 Na5 18. Bd2 Nc6 19. Qe3 Bg5 20. Rf4 Bxf4 21.
Qxf4 f6 22. exf6 Rxf6 23. Qg3 Nxd4 24. cxd4 Qxd4+ 25. Kg2 Rcf8 26. Qe3 Rf2+ 27.
Kh1 Qxa1+ 28. Bc1 e5 29. Bf5 Rf1+ 30. Kg2 Qxc1 31. Qxe5 Rg1+ 32. Kh3 Qf1+ 33.
Kh4 Qe1+ 34. Qxe1 Rxe1 0-1

[Event "Midland Ch Forrest Cup"]
[Site "Derby"]
[Date "1992.03.21"]
[Round "3"]
[White "Cole, Graham J"]
[Black "Robinson, John K"]
[Result "1-0"]
[WhiteElo "1992"]
[BlackElo "2096"]
[PlyCount "109"]
[EventDate "1992.03.20"]
[EventType "swiss"]
[EventRounds "6"]
[EventCountry "ENG"]
[SourceTitle "BritBase"]
[Source "John Saunders"]
[SourceDate "2022.11.28"]
[SourceVersion "1"]
[SourceVersionDate "2022.08.23"]
[SourceQuality "1"]

1. e4 Nf6 2. e5 Nd5 3. c4 Nb6 4. c5 Nd5 5. Bc4 e6 6. Qg4 Nc6 7. Nf3 b6 8. d4
bxc5 9. Bxd5 exd5 10. O-O h5 11. Qf4 Nxd4 12. Nxd4 cxd4 13. Qxd4 c6 14. Re1 Qb6
15. Qd1 Bc5 16. Qf3 a5 17. Nc3 a4 18. Bg5 a3 19. b3 Bd4 20. Rad1 Qb4 21. Nxd5
cxd5 22. Qxd5 Bb7 23. Qxd4 Qxd4 24. Rxd4 Bc6 25. Rh4 Ra5 26. Bd2 Ra8 27. g4 Bf3
28. Rxh5 Rxh5 29. gxh5 Bxh5 30. Kg2 Bg6 31. Bb4 Bf5 32. Bd6 g6 33. Rc1 Be4+ 34.
Kg3 Bc6 35. Rc4 Kd8 36. Rh4 Kc8 37. Rh8+ Kb7 38. Rxa8 Kxa8 39. Bxa3 Bd5 40. Kf4
Kb7 41. Ke3 Kc6 42. Kd4 Be6 43. Be7 Kb6 44. Kc3 Ka5 45. a4 Bg4 46. Bd8+ Ka6 47.
b4 Be2 48. b5+ Kb7 49. Kb4 Bd1 50. a5 Be2 51. Kc5 Bd3 52. a6+ Ka7 53. Kb4 Kb8
54. Ka5 Kc8 55. Be7 1-0

[Event "Midland Ch Forrest Cup"]
[Site "Derby"]
[Date "1992.03.21"]
[Round "3"]
[White "Cooper, Lawrence"]
[Black "Stimpson, Paul"]
[Result "0-1"]
[WhiteElo "2256"]
[BlackElo "1824"]
[PlyCount "50"]
[EventDate "1992.03.20"]
[EventType "swiss"]
[EventRounds "6"]
[EventCountry "ENG"]
[SourceTitle "BritBase"]
[Source "John Saunders"]
[SourceDate "2022.11.28"]
[SourceVersion "1"]
[SourceVersionDate "2022.08.23"]
[SourceQuality "1"]

1. e4 e5 2. Nf3 Nc6 3. Bb5 a6 4. Ba4 Nf6 5. Qe2 b5 6. Bb3 Be7 7. c3 d6 8. O-O
Bg4 9. Rd1 Na5 10. Bc2 c5 11. h3 Bxf3 12. Qxf3 O-O 13. d4 cxd4 14. cxd4 Qc7 15.
Bb3 exd4 16. Bd5 Nc6 17. Na3 Nxd5 18. exd5 Ne5 19. Qb3 Bf6 20. Nc2 d3 21. Ne1
Rfe8 22. Nxd3 Nxd3 23. Qxd3 Rac8 24. Rb1 Qc2 $17 25. Bf4 $4 Re1+ $1 0-1

[Event "Midland Ch Forrest Cup"]
[Site "Derby"]
[Date "1992.03.21"]
[Round "3"]
[White "Dutton, Ian R"]
[Black "Rogerson, Alan M"]
[Result "0-1"]
[WhiteElo "2128"]
[BlackElo "1880"]
[PlyCount "102"]
[EventDate "1992.03.20"]
[EventType "swiss"]
[EventRounds "6"]
[EventCountry "ENG"]
[SourceTitle "BritBase"]
[Source "John Saunders"]
[SourceDate "2022.11.28"]
[SourceVersion "1"]
[SourceVersionDate "2022.08.23"]
[SourceQuality "1"]

1. e4 c5 2. Nc3 Nc6 3. g3 g6 4. Bg2 Bg7 5. d3 d6 6. Be3 e6 7. Qd2 Nge7 8. Bh6
O-O 9. h4 Bxh6 10. Qxh6 f6 11. O-O-O Rf7 12. Nge2 Nd4 13. Qe3 Nec6 14. f4 e5
15. h5 g5 16. Nd5 Bg4 17. Bf1 Qa5 18. Kb1 h6 19. c3 Nxe2 20. Bxe2 Be6 21. Rhf1
Raf8 22. Rf2 Kg7 23. Rdf1 b5 24. Rf3 b4 25. fxg5 fxg5 26. Rxf7+ Rxf7 27. Rxf7+
Bxf7 28. Qf2 Bxd5 29. exd5 Ne7 30. c4 Qd8 31. Bg4 Qf8 32. Qxf8+ Kxf8 33. Be6
Kg7 34. g4 Kf6 35. Bd7 Ng8 36. Be6 Ne7 37. Bd7 e4 38. dxe4 Ke5 39. Bf5 Ng8 40.
Kc2 Kd4 41. Kb3 Nf6 42. Ka4 Kxc4 43. e5 dxe5 44. d6 Kd4 45. Kb3 e4 46. Kc2 Ke3
47. Kd1 c4 48. d7 Nxd7 49. Bxd7 Kf2 50. Bb5 c3 51. bxc3 bxc3 0-1

[Event "Midland Ch Forrest Cup"]
[Site "Derby"]
[Date "1992.03.21"]
[Round "3"]
[White "Eames, Robert S"]
[Black "Ledger, Andrew J"]
[Result "0-1"]
[WhiteElo "2024"]
[BlackElo "2288"]
[PlyCount "52"]
[EventDate "1992.03.20"]
[EventType "swiss"]
[EventRounds "6"]
[EventCountry "ENG"]
[SourceTitle "BritBase"]
[Source "John Saunders"]
[SourceDate "2022.11.28"]
[SourceVersion "1"]
[SourceVersionDate "2022.08.23"]
[SourceQuality "1"]

1. d4 Nf6 2. c4 g6 3. Nc3 d5 4. Nf3 Bg7 5. Bg5 Ne4 6. cxd5 Nxg5 7. Nxg5 e6 8.
Qd2 h6 9. Nh3 exd5 10. Nf4 O-O 11. O-O-O c6 12. e3 b5 13. Bd3 Nd7 14. Kb1 Nb6
15. b3 a5 16. Nce2 Qd6 17. Rc1 a4 18. Rc3 Bd7 19. Rhc1 Rfb8 20. Ng3 axb3 21.
axb3 Nc4 22. Qe2 Qb4 23. Nxg6 fxg6 24. Bxg6 Ra3 25. Qe1 Ra1+ 26. Kc2 Ra2+ 0-1

[Event "Midland Ch Forrest Cup"]
[Site "Derby"]
[Date "1992.03.21"]
[Round "3"]
[White "Gilmore, Simon N"]
[Black "Joseph, Stephen Mario"]
[Result "1/2-1/2"]
[WhiteElo "1904"]
[BlackElo "2120"]
[PlyCount "58"]
[EventDate "1992.03.20"]
[EventType "swiss"]
[EventRounds "6"]
[EventCountry "ENG"]
[SourceTitle "BritBase"]
[Source "John Saunders"]
[SourceDate "2022.11.28"]
[SourceVersion "1"]
[SourceVersionDate "2022.08.23"]
[SourceQuality "1"]

1. e4 c5 2. c4 Nc6 3. Nf3 d6 4. d4 cxd4 5. Nxd4 Nf6 6. Nc3 g6 7. Be2 Bg7 8. Be3
O-O 9. O-O a6 10. h3 Bd7 11. f4 Nxd4 12. Bxd4 Bc6 13. Bf3 Rc8 14. Rc1 Qa5 15.
Qd3 e6 16. a3 Qc7 17. b4 Rfd8 18. Qe3 Qe7 19. c5 Ne8 20. Ne2 Bb5 21. Rfd1 Bxe2
22. Bxe2 Bxd4 23. Rxd4 e5 24. fxe5 Qxe5 25. Rd5 Qe7 26. Rcd1 dxc5 27. Rxd8 Rxd8
28. Rxd8 Qxd8 29. Qxc5 h5 1/2-1/2

[Event "Midland Ch Forrest Cup"]
[Site "Derby"]
[Date "1992.03.21"]
[Round "3"]
[White "Ledger, Dave J"]
[Black "Richardson, Alex"]
[Result "1-0"]
[WhiteElo "2160"]
[BlackElo "1904"]
[PlyCount "81"]
[EventDate "1992.03.20"]
[EventType "swiss"]
[EventRounds "6"]
[EventCountry "ENG"]
[SourceTitle "BritBase"]
[Source "John Saunders"]
[SourceDate "2022.11.28"]
[SourceVersion "1"]
[SourceVersionDate "2022.08.23"]
[SourceQuality "1"]

1. Nf3 Nc6 2. e4 e5 3. Bc4 Nf6 4. d3 h6 5. O-O g6 6. d4 Qe7 7. Nc3 d6 8. Nd5
Qd8 9. Re1 Bg7 10. Bb5 Nd7 11. c3 O-O 12. h3 Ne7 13. Bxd7 Bxd7 14. dxe5 dxe5
15. Bxh6 Nxd5 16. Bxg7 Nxc3 17. Qd3 Kxg7 18. Qxc3 f6 19. Rad1 Qc8 20. Nh4 Be6
21. Qg3 Qe8 22. a3 Qf7 23. f4 exf4 24. Qxf4 Rad8 25. Rc1 Rd7 26. Rc3 g5 27. Qg3
Kh8 28. Nf3 Rg8 29. e5 g4 30. Qh4+ Qh7 31. Qxf6+ Qg7 32. Qh4+ Qh7 33. Qf6+ Qg7
34. Nh4 Qxf6 35. exf6 Bd5 36. hxg4 Rh7 37. Nf5 c6 38. Ne7 Rxg4 39. Nxd5 cxd5
40. Rc8+ Rg8 41. Ree8 1-0

[Event "Midland Ch Forrest Cup"]
[Site "Derby"]
[Date "1992.03.21"]
[Round "3"]
[White "McSheehy, Nigel AP"]
[Black "Naylor, John"]
[Result "0-1"]
[WhiteElo "2000"]
[BlackElo "2168"]
[PlyCount "108"]
[EventDate "1992.03.20"]
[EventType "swiss"]
[EventRounds "6"]
[EventCountry "ENG"]
[SourceTitle "BritBase"]
[Source "John Saunders"]
[SourceDate "2022.11.28"]
[SourceVersion "1"]
[SourceVersionDate "2022.08.23"]
[SourceQuality "1"]

1. d4 Nf6 2. c4 c5 3. d5 b5 4. cxb5 a6 5. f3 e6 6. e4 Bb7 7. Nc3 Qb6 8. Be3
axb5 9. Bxb5 Na6 10. Qb3 Nc7 11. Nge2 Nxb5 12. Qxb5 Qc7 13. Bf4 Qc8 14. Qb6 Ra6
15. Qc7 Qxc7 16. Bxc7 exd5 17. e5 d4 18. exf6 dxc3 19. Nxc3 Rxf6 20. Kf2 d5 21.
Rhe1+ Re6 22. Rad1 d4 23. Rxe6+ fxe6 24. Ne4 Kd7 25. Be5 Bxe4 26. fxe4 Rg8 27.
b4 Bd6 28. Bxd6 Kxd6 29. bxc5+ Kxc5 30. Rc1+ Kd6 31. Ke2 Ra8 32. Kd3 e5 33. Ra1
Ra3+ 34. Kc4 Kc6 35. Kb4 Re3 36. a4 Kb6 37. a5+ Ka6 38. Ra2 Rxe4 39. Kc4 Re1
40. Rf2 Kxa5 41. Rf7 Rc1+ 42. Kd3 Rc3+ 43. Kd2 e4 44. Rxg7 e3+ 45. Ke2 Rc2+ 46.
Kd3 Rd2+ 47. Kc4 e2 48. Re7 d3 49. Kc5 Ka6 50. Re6+ Kb7 51. Kb5 Kc7 52. Kc5 Kd7
53. Kd5 Rd1 54. Rd6+ Kc7 0-1

[Event "Midland Ch Forrest Cup"]
[Site "Derby"]
[Date "1992.03.21"]
[Round "3"]
[White "Raynes, Paul C"]
[Black "Archer-Lock, Christopher J"]
[Result "1/2-1/2"]
[WhiteElo "2120"]
[BlackElo "2072"]
[PlyCount "48"]
[EventDate "1992.03.20"]
[EventType "swiss"]
[EventRounds "6"]
[EventCountry "ENG"]
[SourceTitle "BritBase"]
[Source "John Saunders"]
[SourceDate "2022.11.28"]
[SourceVersion "1"]
[SourceVersionDate "2022.08.23"]
[SourceQuality "1"]

1. e4 g6 2. d4 Bg7 3. Nc3 d6 4. Bc4 Nf6 5. Qe2 Nc6 6. e5 Nxd4 7. exf6 Nxe2 8.
fxg7 Rg8 9. Ngxe2 Rxg7 10. Bh6 Rg8 11. O-O-O Be6 12. Bxe6 fxe6 13. f4 Qd7 14.
Rhe1 e5 15. fxe5 g5 16. h4 gxh4 17. Nf4 O-O-O 18. Ncd5 Rde8 19. exd6 cxd6 20.
Re6 Rg6 21. Rde1 Rxe6 22. Rxe6 Qa4 23. Kb1 Qd4 24. b3 Qd1+ 1/2-1/2

[Event "Midland Ch Forrest Cup"]
[Site "Derby"]
[Date "1992.03.21"]
[Round "3"]
[White "Rutter, Nicholas J"]
[Black "Gibbons, Michael J"]
[Result "1/2-1/2"]
[WhiteElo "2088"]
[BlackElo "1880"]
[PlyCount "141"]
[EventDate "1992.03.20"]
[EventType "swiss"]
[EventRounds "6"]
[EventCountry "ENG"]
[SourceTitle "BritBase"]
[Source "John Saunders"]
[SourceDate "2022.11.28"]
[SourceVersion "1"]
[SourceVersionDate "2022.08.23"]
[SourceQuality "1"]

1. e4 e6 2. d4 d5 3. Nc3 Bb4 4. a3 Bxc3+ 5. bxc3 dxe4 6. Qg4 Nf6 7. Qxg7 Rg8 8.
Qh6 c5 9. Ne2 Nbd7 10. Bb2 Rg6 11. Qd2 Qc7 12. O-O-O b6 13. Ng3 Bb7 14. Bb5
O-O-O 15. Rhe1 a6 16. Be2 Ne5 17. Kb1 Neg4 18. Bxg4 Rxg4 19. Qe2 Rdg8 20. c4
cxd4 21. Bxd4 Nd7 22. h3 R4g6 23. Nxe4 Bxe4 24. Qxe4 Rxg2 25. Be3 Nb8 26. Bf4
Qb7 27. Qxh7 R2g7 28. Qd3 Qc6 29. Bg3 f5 30. Bxb8 Kxb8 31. Qd6+ Rc7 32. Qxe6
Qxe6 33. Rxe6 Rxc4 34. Rxb6+ Ka7 35. Rdd6 Rf4 36. Rxa6+ Kb7 37. Rab6+ Ka7 38.
Rb3 Rxf2 39. Rd4 Rg6 40. Kb2 f4 41. Ra4+ Ra6 42. Rxa6+ Kxa6 43. Rb8 Rh2 44. Rf8
Rxh3 45. Rxf4 Kb5 46. c3 Rg3 47. Kb3 Rh3 48. Rf5+ Kb6 49. Kb4 Rh6 50. c4 Rg6
51. a4 Rh6 52. Rd5 Rh7 53. Rd6+ Kb7 54. Kb5 Rh5+ 55. c5 Rh1 56. Rd7+ Kc8 57.
Rg7 Rh6 58. a5 Kb8 59. Rd7 Rh1 60. Kc6 Rc1 61. Rb7+ Ka8 62. Rg7 Rc2 63. Kd6
Rd2+ 64. Kc7 Ka7 65. c6 Rc2 66. Kd6+ Ka8 67. Rg5 Ka7 68. c7 Rd2+ 69. Rd5 $2 (
69. Kc6 Rc2+ 70. Kd7 Rd2+ 71. Kc8 $18) 69... Rxd5+ 70. Kc6 (70. Kxd5 Kb7 $11)
70... Rd1 71. a6 1/2-1/2

[Event "Midland Ch Forrest Cup"]
[Site "Derby"]
[Date "1992.03.21"]
[Round "3"]
[White "Toscano, John"]
[Black "Alcock, Michael W"]
[Result "0-1"]
[WhiteElo "1848"]
[BlackElo "2240"]
[PlyCount "64"]
[EventDate "1992.03.20"]
[EventType "swiss"]
[EventRounds "6"]
[EventCountry "ENG"]
[SourceTitle "BritBase"]
[Source "John Saunders"]
[SourceDate "2022.11.28"]
[SourceVersion "1"]
[SourceVersionDate "2022.08.23"]
[SourceQuality "1"]

1. d4 Nf6 2. c4 e6 3. Nc3 Bb4 4. e3 b6 5. Nge2 Ne4 6. Qc2 Bb7 7. f3 Bxc3+ 8.
bxc3 Nd6 9. Ng3 f5 10. Bd3 Qh4 11. Bd2 O-O 12. O-O-O c5 13. e4 cxd4 14. cxd4
fxe4 15. fxe4 Nc6 16. Bc3 Rac8 17. e5 Nf5 18. Nxf5 exf5 19. g3 Qe7 20. Qb3 Qg5+
21. Kc2 Qg4 22. d5 Nd4+ 23. Bxd4 Qxd4 24. Kb1 Qxe5 25. Rhe1 Qd6 26. Re3 f4 27.
gxf4 Rxf4 28. Rh3 g6 29. Rg1 Bxd5 30. Qb2 Be4 31. Bxe4 Rxe4 32. Qb3 Qe6 0-1

[Event "Midland Ch Forrest Cup"]
[Site "Derby"]
[Date "1992.03.21"]
[Round "3"]
[White "Vere, Joe W"]
[Black "Ledger, Stephen C"]
[Result "1/2-1/2"]
[WhiteElo "2016"]
[BlackElo "2112"]
[PlyCount "96"]
[EventDate "1992.03.20"]
[EventType "swiss"]
[EventRounds "6"]
[EventCountry "ENG"]
[SourceTitle "BritBase"]
[Source "John Saunders"]
[SourceDate "2022.11.28"]
[SourceVersion "1"]
[SourceVersionDate "2022.08.23"]
[SourceQuality "1"]

1. d4 Nf6 2. Nf3 g6 3. e3 d5 4. Bd3 Bg7 5. O-O O-O 6. Nbd2 Nbd7 7. e4 dxe4 8.
Nxe4 Nxe4 9. Bxe4 Nf6 10. Bd3 b6 11. c3 Bb7 12. Bf4 Nh5 13. Bg3 Nxg3 14. hxg3
Qd6 15. Qe2 Rad8 16. Be4 Bc8 17. Rfe1 Rfe8 18. Bc2 a6 19. Rad1 b5 20. Bb3 e6
21. a4 b4 22. Nd2 bxc3 23. bxc3 Bb7 24. Ne4 Qc6 25. Qc4 Qxc4 26. Bxc4 Bxe4 27.
Rxe4 a5 28. Rb1 Rb8 29. Rb5 Rxb5 30. Bxb5 Rc8 31. Re1 c6 32. Ba6 Rb8 33. Bc4
Kf8 34. Kf1 c5 35. dxc5 Rc8 36. Ba6 Rxc5 37. c4 Bc3 38. Rd1 Ke7 39. Bb5 h5 40.
Rd3 Bb4 41. Rd7+ Kf6 42. Rd3 Re5 43. Re3 Rxe3 44. fxe3 Kg5 45. Kf2 Bd6 46. Bc6
Kg4 47. Bf3+ Kf5 48. Bc6 f6 1/2-1/2

[Event "Midland Ch Forrest Cup"]
[Site "Derby"]
[Date "1992.03.21"]
[Round "4"]
[White "Alcock, Michael W"]
[Black "Cole, Graham J"]
[Result "1-0"]
[WhiteElo "2240"]
[BlackElo "1992"]
[PlyCount "43"]
[EventDate "1992.03.20"]
[EventType "swiss"]
[EventRounds "6"]
[EventCountry "ENG"]
[SourceTitle "BritBase"]
[Source "John Saunders"]
[SourceDate "2022.11.28"]
[SourceVersion "1"]
[SourceVersionDate "2022.08.23"]
[SourceQuality "1"]

1. d4 Nf6 2. Nc3 d5 3. Bg5 Bf5 4. Bxf6 gxf6 5. e3 c6 6. Bd3 Bxd3 7. Qxd3 e6 8.
Nge2 Bb4 9. O-O Bxc3 10. Nxc3 f5 11. f3 Nd7 12. e4 Qg5 13. exd5 Rg8 14. Qe2 Nf6
15. dxe6 Nh5 16. exf7+ Kxf7 17. Qc4+ Kf6 18. Rf2 Nf4 19. Kh1 Nxg2 20. Rg1 Ne3
21. Ne4+ fxe4 22. fxe4+ 1-0

[Event "Midland Ch Forrest Cup"]
[Site "Derby"]
[Date "1992.03.21"]
[Round "4"]
[White "Archer-Lock, Christopher J"]
[Black "Gilmore, Simon N"]
[Result "1/2-1/2"]
[WhiteElo "2072"]
[BlackElo "1904"]
[PlyCount "45"]
[EventDate "1992.03.20"]
[EventType "swiss"]
[EventRounds "6"]
[EventCountry "ENG"]
[SourceTitle "BritBase"]
[Source "John Saunders"]
[SourceDate "2022.11.28"]
[SourceVersion "1"]
[SourceVersionDate "2022.08.23"]
[SourceQuality "1"]

1. d4 Nf6 2. c4 g6 3. g3 d5 4. Bg2 Bg7 5. Nf3 O-O 6. O-O dxc4 7. Na3 c6 8. Nxc4
Be6 9. Qc2 Nbd7 10. Rd1 Bf5 11. Qb3 Nb6 12. Nfe5 Be6 13. Qc2 Nfd7 14. Nxd7 Qxd7
15. Na5 Rac8 16. b4 Nd5 17. a3 f5 18. e3 Bf7 19. Bb2 Nb6 20. Rac1 Bd5 21. Bf1
Rc7 22. Nb3 Na4 23. Nc5 1/2-1/2

[Event "Midland Ch Forrest Cup"]
[Site "Derby"]
[Date "1992.03.21"]
[Round "4"]
[White "Barnes, Michael H"]
[Black "Vere, Joe W"]
[Result "1/2-1/2"]
[WhiteElo "2152"]
[BlackElo "2016"]
[PlyCount "42"]
[EventDate "1992.03.20"]
[EventType "swiss"]
[EventRounds "6"]
[EventCountry "ENG"]
[SourceTitle "BritBase"]
[Source "John Saunders"]
[SourceDate "2022.11.28"]
[SourceVersion "1"]
[SourceVersionDate "2022.08.23"]
[SourceQuality "1"]

1. d4 Nf6 2. Nf3 e6 3. c4 d5 4. Bg5 Be7 5. e3 O-O 6. Nbd2 Nbd7 7. Rc1 c6 8. Bd3
b6 9. cxd5 cxd5 10. O-O Bb7 11. Qa4 a6 12. Ne5 b5 13. Qd1 h6 14. Bh4 Nxe5 15.
dxe5 Ne4 16. Bxe7 Qxe7 17. Bxe4 dxe4 18. Qg4 Qb4 19. Nb3 Bd5 20. Rc3 Rac8 21.
Rfc1 Rxc3 1/2-1/2

[Event "Midland Ch Forrest Cup"]
[Site "Derby"]
[Date "1992.03.21"]
[Round "4"]
[White "Burke, Steven J"]
[Black "Rutter, Nicholas J"]
[Result "0-1"]
[WhiteElo "1960"]
[BlackElo "2088"]
[PlyCount "76"]
[EventDate "1992.03.20"]
[EventType "swiss"]
[EventRounds "6"]
[EventCountry "ENG"]
[SourceTitle "BritBase"]
[Source "John Saunders"]
[SourceDate "2022.11.28"]
[SourceVersion "1"]
[SourceVersionDate "2022.08.23"]
[SourceQuality "1"]

1. e4 e5 2. f4 Qh4+ 3. g3 Qe7 4. Qe2 exf4 5. gxf4 Qh4+ 6. Qf2 Qxf2+ 7. Kxf2
Bc5+ 8. Kf3 f5 9. d3 b6 10. Be3 Nf6 11. Bxc5 bxc5 12. Nd2 Bb7 13. Re1 Nc6 14.
c3 O-O-O 15. Bh3 Rhf8 16. Bxf5 g6 17. Bh3 g5 18. Ke2 g4 19. Bf1 Nh5 20. Kd1
Nxf4 21. Kc2 d5 22. Nb3 c4 23. dxc4 dxc4 24. Nc5 Ne5 25. Nxb7 Kxb7 26. Ne2 Nfd3
27. Rb1 Nf2 28. Rg1 Nf3 29. Nd4 Nxg1 30. Bxc4 Nf3 31. Bd5+ Rxd5 32. exd5 Nxd4+
33. cxd4 Ne4 34. Kd3 Nd6 35. Re1 Rf2 36. Re2 Rxe2 37. Kxe2 Nf5 38. Kd3 h5 0-1

[Event "Midland Ch Forrest Cup"]
[Site "Derby"]
[Date "1992.03.21"]
[Round "4"]
[White "Cooper, David M"]
[Black "McSheehy, Nigel AP"]
[Result "1/2-1/2"]
[WhiteElo "1936"]
[BlackElo "2000"]
[PlyCount "26"]
[EventDate "1992.03.20"]
[EventType "swiss"]
[EventRounds "6"]
[EventCountry "ENG"]
[SourceTitle "BritBase"]
[Source "John Saunders"]
[SourceDate "2022.11.28"]
[SourceVersion "1"]
[SourceVersionDate "2022.08.23"]
[SourceQuality "1"]

1. e4 c5 2. c3 d5 3. exd5 Qxd5 4. d4 e6 5. Nf3 Nc6 6. Na3 cxd4 7. Nb5 Bd6 8.
Bc4 Qe4+ 9. Be2 Bb8 10. Nbxd4 Nxd4 11. Qxd4 Qxd4 12. Nxd4 Nf6 13. O-O O-O
1/2-1/2

[Event "Midland Ch Forrest Cup"]
[Site "Derby"]
[Date "1992.03.21"]
[Round "4"]
[White "Ledger, Andrew J"]
[Black "Raynes, Paul C"]
[Result "1-0"]
[WhiteElo "2288"]
[BlackElo "2120"]
[PlyCount "63"]
[EventDate "1992.03.20"]
[EventType "swiss"]
[EventRounds "6"]
[EventCountry "ENG"]
[SourceTitle "BritBase"]
[Source "John Saunders"]
[SourceDate "2022.11.28"]
[SourceVersion "1"]
[SourceVersionDate "2022.08.23"]
[SourceQuality "1"]

1. c4 g6 2. Nc3 Bg7 3. g3 d6 4. Bg2 e5 5. d3 f5 6. e3 Nc6 7. Nge2 Nf6 8. O-O
O-O 9. Rb1 g5 10. f4 h6 11. b4 Kh8 12. b5 Ne7 13. a4 gxf4 14. exf4 Ng6 15. Nd5
Rb8 16. Nxf6 Qxf6 17. Be3 b6 18. d4 Be6 19. fxe5 dxe5 20. Qc2 Rbd8 21. dxe5
Qxe5 22. Rb3 Rd7 23. Bc6 Rdd8 24. Kg2 Bf6 25. Bxh6 Rg8 26. Re3 Qd6 27. Kh1 Bc8
28. Bd5 Ne5 29. Bf4 Rge8 30. Nd4 Qc5 31. Nb3 Qb4 32. Qe2 1-0